000 00854nam a2200229 i 4500
001 bg
100 1 _aBOLSHEV, Aleksander S.
245 1 0 _aStatics and dynamics of anchored floating structures with non-linear characteristics of anchored system :
_bpraca habilitacyjna /
_cAleksander S. Bolshev.
260 _aGdańsk :
_bPG,
_c1993.
300 _a218 s. :
_bwykr. ;
_c24 cm.
490 1 _aStudia i Materiały / Politechnika Gdańska Katedra Budownictwa Morskiego ;
_vz. 18
504 _aBibliogr. s. 205-218.
650 9 _aBudownictwo morskie
_xkonstrukcje
650 9 _aStatyka
_xkonstrukcje
650 9 _aDynamika
_xkonstrukcje
830 0 _aStudia i Materiały (Politechnika Gdańska Katedra Budownictwa Morskiego) ;
_vz. 18
040 _cBPK
041 0 _aen
080 _a627.2/.3
942 _cKS
008 s pl f |000 0 pol
999 _c30292
_d30292
856 _uhttp://koha.tu.koszalin.pl/cgi-bin/koha/opac-detail.pl?biblionumber=30292
_yKatalog online BPK